00000000nam 2200000zi 4500
0019.948249
003CaOODSP
00520250731084421
006m     o  d f      
007cr mn|||||||||
008250221t20252025onca    o    f000 0 eng d
020 |a9780660759050
040 |aCaOODSP|beng|erda|cCaOODSP
043 |an-cn---
045 |ay2y2
0861 |aM144-294/2025E-PDF
24500|a2025 greening freight programs industry survey : |bfinal report / |cprepared for Natural Resources Canada.
24617|a2025 greening freight programs industry survey
264 1|a[Ottawa] : |bNatural Resources Canada = Ressources naturelles Canada, |c2025.
264 4|c©2025
300 |a1 online resource (39 pages) : |bcolour illustrations
336 |atext|btxt|2rdacontent
337 |acomputer|bc|2rdamedia
338 |aonline resource|bcr|2rdacarrier
500 |aIssued also in French under title: Sondage de 2025 sur les programmes de transport écoénergétique de marchandises mené auprès de l'industrie : rapport final.
500 |a"Supplier name: Phoenix SPI."
500 |a"Contract number: CW2378697."
500 |a"Delivery date: 2025-03-21."
500 |a"Registration number: POR # 065-24."
650 0|aTrucking|xEnergy consumption|xGovernment policy|zCanada|xPublic opinion.
650 0|aTrucks|xFuel consumption|xGovernment policy|zCanada|xPublic opinion.
650 0|aTrucks|xMotors|xExhaust gas|xGovernment policy|zCanada|xPublic opinion.
650 0|aPublic opinion|zCanada.
7101 |aCanada. |bNatural Resources Canada, |eissuing body.
7102 |aPhoenix Strategic Perspectives Inc., |econsultant.
77508|tSondage de 2025 sur les programmes de transport écoénergétique de marchandises mené auprès de l'industrie : |w(CaOODSP)9.948251
795 |t2024 greening freight programs industry survey : |w(CaOODSP)9.935240
85640|qPDF|s1.60 MB|uhttps://publications.gc.ca/collections/collection_2025/rncan-nrcan/M144-294-2025-eng.pdf|zFinal report
8564 |qHTML|sN/A|uhttps://epe.bac-lac.gc.ca/100/200/301/pwgsc-tpsgc/por-ef/natural_resources/2025/065-24-e/065-24-report.html|zFinal report
8564 |qHTML|sN/A|uhttps://epe.bac-lac.gc.ca/100/200/301/pwgsc-tpsgc/por-ef/natural_resources/2025/065-24-e/index.html?nodisclaimer=1|zComplete dataset